Missing Word: Double Letter Disney Quiz Stats

 Plays Quiz Updated Oct 4, 2019

Score 0/12 Timer 00:45
3 Plays Today
Movie Missing Word % Correct
The Jungle ___Book
97%
Robin ___Hood
96%
The Many Adventures of ___ the PoohWinnie
94.9%
The ___ MermaidLittle
93.9%
Chicken ___Little
84.8%
The Emperor's New ___Groove
83.3%
___ the RobinsonsMeet
78.9%
Winnie the ___Pooh
77.4%
The ___ CaballerosThree
75.9%
The ___ and the FrogPrincess
75.6%
___ BeautySleeping
74.6%
Fun and Fancy ___Free
68.9%

Today's Daily Dose

Missing Word
Celine Dion

Word Ladder
Dr. Seuss Books

Quick Pick
Cities in India

Get the Picture
'A' Actresses

You're not logged in!

Compare scores with friends on all Sporcle quizzes.
OR
Log In

Sporcle TV

Today on Sporcle TV


Watch our educational content, quiz creation guides, and fun videos on Sporcle TV.

Show Comments

Extras

Top Quizzes Today


Score Distribution

Your Account Isn't Verified!

In order to create a playlist on Sporcle, you need to verify the email address you used during registration. Go to your Sporcle Settings to finish the process.

Report this User

Report this user for behavior that violates our Community Guidelines.

Details: